000 00769nam a2200193Ia 4500
008 151121s9999||||xx |||||||||||||| ||und||
082 _a780।92/गर्ग
082 _bHNW-58556
100 _aगर्ग लक्ष्मीनारायण-संपा
245 _aमहिला संगीत अंक
260 _b"संगीत कार्यालय, हाथरस,उत्तरप्रदेश।"
260 _c--
300 _a202
600 _aगर्ग लक्ष्मीनारायण-संपा
630 _aमहिला संगीत अंक
700 _aगर्ग लक्ष्मीनारायण-संपा
730 _aमहिला संगीत अंक
942 _cBOOK
999 _c1240369
_d1240366